Pippi longstocking / (Record no. 7042)

MARC details
000 -LEADER
fixed length control field 00922nam a22002657a 4500
001 - CONTROL NUMBER
control field 7042
003 - CONTROL NUMBER IDENTIFIER
control field FISKH
005 - DATE AND TIME OF LATEST TRANSACTION
control field 20250619104320.0
008 - FIXED-LENGTH DATA ELEMENTS--GENERAL INFORMATION
fixed length control field 250619b cb ||||| |||| 00| 0 eng d
020 ## - INTERNATIONAL STANDARD BOOK NUMBER
International Standard Book Number 9780142402498
040 ## - CATALOGING SOURCE
Original cataloging agency FISKH
Language of cataloging eng
Transcribing agency FISKH
Modifying agency FISKH
050 ## - LIBRARY OF CONGRESS CALL NUMBER
Classification number PZ7.L6585 P
082 ## - DEWEY DECIMAL CLASSIFICATION NUMBER
Classification number 839.7374
100 ## - MAIN ENTRY--PERSONAL NAME
Personal name Lindgren, Astrid
Dates associated with a name (1907–2002)
245 ## - TITLE STATEMENT
Title Pippi longstocking /
Statement of responsibility, etc. Astrid Lindgren ; Translated by Florence Lamborn ; Illustrated by Louis S. glanzman
250 ## - EDITION STATEMENT
Edition statement This edition first published in 2005
260 ## - PUBLICATION, DISTRIBUTION, ETC.
Place of publication, distribution, etc. London :
Name of publisher, distributor, etc. Puffin,
Date of publication, distribution, etc. 2005
300 ## - PHYSICAL DESCRIPTION
Extent 160 pages :
Other physical details illustrations ;
Dimensions 18 cm
520 ## - SUMMARY, ETC.
Summary, etc. Escapades of a lucky little girl who lives with a horse and a monkey--but without any parents--at the edge of a Swedish village.<br/>
650 ## - SUBJECT ADDED ENTRY--TOPICAL TERM
Source of heading or term Fiction
Topical term or geographic name entry element Chapter book
650 ## - SUBJECT ADDED ENTRY--TOPICAL TERM
Source of heading or term Juvenile
Topical term or geographic name entry element Funny
700 ## - ADDED ENTRY--PERSONAL NAME
Personal name S.Glanzman, Louis
Dates associated with a name illustrator
942 ## - ADDED ENTRY ELEMENTS (KOHA)
Source of classification or shelving scheme Dewey Decimal Classification
Koha item type Books
Suppress in OPAC No
Holdings
Withdrawn status Lost status Source of classification or shelving scheme Damaged status Not for loan Collection Home library Current library Shelving location Date acquired Total Checkouts Full call number Barcode Date last seen Date last checked out Copy number Price effective from Koha item type
    Dewey Decimal Classification     Fiction Footprints International School Library Network Toul Tom Poung Campus Footprints International School Library Network Toul Kork Campus TTP Secondary Fiction Bookshelves 06/19/2025 1 LIN 839.7374 PZ7.L6585 P 2025-1662 10/03/2025 08/22/2025 1 06/19/2025 Books